000
00300nam a2200121Ia 4500
008
190902s9999||||xx |||||||||||||| ||und||
020
_a
1-56052-264-x
100
_a
Karl A.Smith
245
0
_a
Project Management and Teamwork
260
_a
New York
_b
McGraw Hill
_c
119
300
_a
2000
942
_c
BK
999
_c
2777
_d
2777